000 00421nam a2200145Ia 4500
003 OSt
005 20260226094741.0
008 211028s2019 xx 000 0 und d
040 _cAIMIT LIBRARY
041 _aeng
100 _aShetty, Kavana; Vasantha G.
_g1716087
_98065
245 _aStudy on assesment of quality of work life in Hangyo Ice Cream Pvt Ltd /
260 _aMangalore
_bVasanth G
_c2019
942 _2ddc
_cPRO
999 _c219633
_d219633